[Event "brasucas"]
[Site "http://www.queenalice.com/game.php?id=381471"]
[Date "2008.4.3"]
[Round "-"]
[White "vsg"]
[Black "m_2788"]
[Result "0-1"]
[WhiteElo "1822"]
[BlackElo "2041"]

1. e4 c5 2. d4 cxd4 3. Qxd4 Nc6 4. Qd1 d6 5. Nc3 Nf6 6. h3 g6 7. Bd3 Bg7 8. Bd2
O-O 9. g4 Ne5 10. Be2 a6 11. Be3 b5 12. Bd4 Nc6 13. Bxf6 Bxf6 14. Qc1 Bb7 15.
Nd5 Bg7 16. f3 e6 17. Ne3 Qh4+ 18. Kf1 Rac8 19. Ng2 Qg3 20. c3 b4 21. Qe1 Qxe1+
22. Nxe1 bxc3 23. bxc3 Bxc3 24. Rb1 Rb8 25. Nd3 Nd4 26. Rb6 Nxe2 27. Nxe2 Rfc8
28. Rxd6 Bg7 29. Kf2 Rc2 30. Rb1 Rc7 31. Rdb6 Kf8 32. a4 Ke8 33. g5 Bf8 34. a5
Kd8 35. e5 Kc8 36. R1b2 Ra8 37. R6b3 Bd5 38. Rb6 Rb7 39. Rxb7 Bxb7 40. Rc2+ Kd7
41. Rb2 Bc6 42. Nef4 Bb5 43. Ke3 Rc8 44. Kd2 h6 45. h4 hxg5 46. hxg5 Be7 47. Nh3
Rh8 48. Nhf2 Bxg5+ 49. f4 Be7 50. Ke3 Rc8 51. Ne4 Rc4 52. Nef2 Ra4 53. Rd2 Ke8
54. Ne4 Rxa5 55. Rh2 Ra3 56. Rd2 Bxd3 57. Rxd3 Rxd3+ 58. Kxd3 a5 59. Nc3 g5 60.
fxg5 Bxg5 61. Na4 Kd7 62. Nc3 Kc6 63. Kc4 Bd2 64. Na4 Bf4 65. Kd4 Kb5 66. Nb2 a4
67. Nd3 Bd2 68. Nc5 Be3+ 69. Kxe3 Kxc5 70. Kd3 Kd5 0-1

[Event "brazil"]
[Site "http://www.queenalice.com/game.php?id=381491"]
[Date "2008.4.3"]
[Round "-"]
[White "vsg"]
[Black "Rutty"]
[Result "0-1"]
[WhiteElo "1776"]
[BlackElo "2107"]

1. e4 c5 2. d4 cxd4 3. Qxd4 Nc6 4. Qd1 g6 5. c3 Bg7 6. Bb5 d6 7. h3 a6 8. Bd3
Nf6 9. Be3 O-O 10. g4 b5 11. a3 Bb7 12. Nd2 Ne5 13. Bc2 Nc4 14. Nxc4 bxc4 15. f3
e6 16. Qe2 d5 17. e5 Nd7 18. f4 Qc7 19. g5 d4 20. Rh2 dxe3 21. Qxe3 Nb6 22. Kd1
Rad8+ 23. Kc1 Nd5 24. Qg3 Qc5 25. Kb1 Nxf4 26. Qxf4 Bxe5 27. Qf2 Qb5 28. Ka2
Bxh2 29. Qxh2 Rb8 30. h4 e5 31. a4 Qa5 32. h5 Bc6 33. Ka3 Bxa4 34. Bxa4 Rb3+ 35.
Ka2 Qxa4+ 36. Kb1 Qb5 37. Ka2 Rxc3 38. Ne2 Rc2 0-1

[Event "brasucas"]
[Site "http://www.queenalice.com/game.php?id=381495"]
[Date "2008.4.3"]
[Round "-"]
[White "vsg"]
[Black "alvarogoulart"]
[Result "1-0"]
[WhiteElo "1777"]
[BlackElo "1780"]

1. e4 e5 2. Nf3 d6 3. h3 Nf6 4. d3 Nc6 5. Be2 Be7 6. Nh2 h6 7. Be3 d5 8. exd5
Nxd5 9. Bd2 Be6 10. a3 Bf6 11. c3 O-O 12. Bg4 Bxg4 13. Nxg4 Nce7 14. c4 Nf4 15.
Nxf6+ gxf6 16. Bxf4 exf4 17. Qf3 Ng6 18. O-O Qd4 19. Qe2 Rae8 20. Qc2 Ne5 21.
Rd1 Kh7 22. Nc3 Rg8 23. Ne2 Qd7 24. d4+ Kh8 25. dxe5 Qe6 26. Nxf4 Qxe5 27. Qc1
Qf5 28. Rf1 Re4 29. g3 h5 30. Kh2 h4 31. Rg1 hxg3+ 32. fxg3 Rg7 33. Qf1 Rxc4 34.
Qxc4 b6 35. Qf1 Qc2+ 36. Rg2 Qc6 37. b4 Kh7 38. b5 Qc3 39. a4 f5 40. Rc1 Qe5 41.
Qf3 f6 42. Qh5+ Kg8 43. Re2 Qxe2+ 44. Nxe2 Rg5 45. Qe8+ Kg7 46. Rxc7+ Kh6 47.
Qh8+ Kg6 48. Qh7# 1-0

[Event "ss"]
[Site "http://www.queenalice.com/game.php?id=381699"]
[Date "2008.4.3"]
[Round "-"]
[White "vsg"]
[Black "captainslog"]
[Result "0-1"]
[WhiteElo "1817"]
[BlackElo "1923"]

1. e4 Nf6 2. e5 Nd5 3. d4 d6 4. exd6 exd6 5. h3 Be7 6. Ne2 O-O 7. b3 Nd7 8. g3
Bf6 9. Bg2 N7b6 10. Bd2 Re8 11. Kf1 Bf5 12. Ba5 Rb8 13. c4 Ne7 14. Bxb6 cxb6 15.
Nbc3 Be6 16. d5 Bf5 17. a4 Ng6 18. f4 Rxe2 19. Nxe2 Bxa1 20. Qxa1 Qe7 21. Kf2
Re8 22. Bf3 Qe3+ 23. Kg2 Be4 24. Qf1 Qxb3 25. Bxe4 Rxe4 26. Qf3 Qxf3+ 27. Kxf3
Rxc4 28. Ra1 Ne7 29. a5 b5 30. a6 b6 31. Rd1 Ra4 32. Rc1 Rxa6 33. Kg4 Kf8 34.
Rb1 Nxd5 35. Rxb5 Nf6+ 36. Kf3 Ra3+ 37. Kg2 Ra2 38. Kf3 Ra3+ 39. Kg2 Ne4 40. Rd5
Ra2 41. Kf3 Rxe2 42. Kxe2 Nc3+ 43. Kd3 Nxd5 44. Kd4 Nc7 45. h4 Ke7 46. g4 f5 47.
g5 Ne6+ 48. Ke3 b5 49. h5 b4 50. h6 g6 51. Kd3 Nxf4+ 52. Kc4 Nh3 0-1

[Event "brasucas"]
[Site "http://www.queenalice.com/game.php?id=382454"]
[Date "2008.4.5"]
[Round "-"]
[White "vsg"]
[Black "PedroNRF"]
[Result "1-0"]
[WhiteElo "1767"]
[BlackElo "1950"]

1. e4 d5 2. e5 d4 3. h3 Qd5 4. Nf3 Nc6 5. Qe2 Be6 6. d3 O-O-O 7. a3 Nh6 8. c4
Qa5+ 9. Bd2 Qa4 10. Qd1 Qxd1+ 11. Kxd1 f6 12. Bxh6 gxh6 13. exf6 exf6 14. Be2
Rg8 15. g3 Re8 16. b4 a5 17. b5 Nd8 18. Nbd2 c5 19. bxc6 Nxc6 20. Ke1 Bd6 21.
Ne4 Be7 22. Kf1 h5 23. Kg2 f5 24. Ned2 h4 25. Nf1 Bd7 26. Kh2 Bxa3 27. Bd1 1-0

[Event "brasucas"]
[Site "http://www.queenalice.com/game.php?id=382474"]
[Date "2008.4.5"]
[Round "-"]
[White "vsg"]
[Black "clemerson"]
[Result "1-0"]
[WhiteElo "1815"]
[BlackElo "1995"]

1. e4 e6 2. d4 d5 3. e5 c5 4. b3 cxd4 5. Qxd4 Nc6 6. Qb2 Nge7 7. Nf3 Ng6 8. Bd2
Qc7 9. Bb5 Bc5 10. Bxc6+ bxc6 11. O-O Ba6 12. Re1 O-O 13. b4 Bb6 14. a4 Qe7 15.
a5 Bc7 16. Bg5 Qd7 17. Nbd2 Rab8 18. Be3 Qe7 19. c3 Nxe5 20. Qc2 Nd3 21. Reb1 e5
22. Bxa7 Rb7 23. Be3 e4 24. Nd4 Ne5 25. Qa4 Qd7 26. N4b3 Bd6 27. Nc5 Bxc5 28.
Bxc5 Re8 29. Rd1 Nd3 30. Rab1 Reb8 31. Nb3 Nf4 32. Be3 Ne2+ 33. Kh1 Nxc3 34. Qa1
Nxb1 35. Nc5 Qg4 36. Rxb1 Bd3 37. h3 Qg6 38. Nxb7 Bxb1 39. a6 Rxb7 40. axb7 h6
41. b8=Q+ Kh7 42. Qxb1 f5 43. Qa1 Qf7 44. Qae5 Qg6 45. Bf4 h5 46. Qf8 h4 47. Kh2
e3 48. fxe3 d4 49. exd4 c5 50. bxc5 Qf7 51. Qd8 Qg6 52. d5 Qf7 53. d6 Qg6 54.
Qxh4+ Kg8 55. c6 Qf7 56. c7 Qf8 57. d7 Kf7 58. Qxf5+ Kg8 59. Qfg5 g6 60. Bg3 Kf7
61. Qh7+ Qg7 62. Qd5+ Kf6 63. d8=Q+ Qe7 64. Qhh8# 1-0

[Event "brasucas"]
[Site "http://www.queenalice.com/game.php?id=382480"]
[Date "2008.4.5"]
[Round "-"]
[White "vsg"]
[Black "lobo"]
[Result "0-1"]
[WhiteElo "1790"]
[BlackElo "1832"]

1. e4 e6 2. d4 a6 3. Nf3 h6 4. Be2 b5 5. a3 d5 6. e5 Nc6 7. Bd2 Bb7 8. c3 g5 9.
h3 f5 10. exf6 Qxf6 11. g4 O-O-O 12. a4 b4 13. a5 bxc3 14. Bxc3 Nge7 15. b4 Na7
16. Bd3 Nec6 17. Ra4 Bd6 18. Qe2 Rhe8 19. Ne5 Qg7 20. Bxa6 Qf6 21. Bxb7+ Kxb7
22. Nxc6 Kxc6 23. O-O Qf4 24. f3 h5 25. Rf2 hxg4 26. fxg4 Qg3+ 27. Rg2 Qxh3 28.
Be1 Rh8 29. Kf1 Rdf8+ 30. Bf2 Qb3 31. b5+ Nxb5 32. Ra1 Nxd4 33. Qd2 Nc2 34. Qc1
Rh1+ 35. Rg1 Qd3+ 36. Kg2 Qh3# 0-1

[Event "são paulo"]
[Site "http://www.queenalice.com/game.php?id=382485"]
[Date "2008.4.5"]
[Round "-"]
[White "vsg"]
[Black "averroes02"]
[Result "0-1"]
[WhiteElo "1769"]
[BlackElo "2115"]

1. e4 e6 2. d4 d5 3. e5 c5 4. b3 cxd4 5. Qxd4 Nc6 6. Qf4 Nge7 7. Bd3 Ng6 8. Bxg6
hxg6 9. Bb2 Rh4 10. Qg3 b6 11. Nd2 Rh5 12. Ngf3 Nb4 13. Kd1 Qc7 14. c3 Nd3 15.
Kc2 Ba6 16. a3 Rc8 17. Nb1 Bc5 18. h4 Nxf2 19. Re1 Bd3+ 20. Kd2 Ne4+ 21. Rxe4
dxe4 22. Ng5 Qd7 23. Kc1 Rxg5 24. hxg5 Be2 25. Nd2 e3 26. Qe1 exd2+ 27. Qxd2 Be3
28. Qxe3 Qd1# 0-1

[Event "brazil"]
[Site "http://www.queenalice.com/game.php?id=382487"]
[Date "2008.4.5"]
[Round "-"]
[White "vsg"]
[Black "Dean20"]
[Result "1-0"]
[WhiteElo "1728"]
[BlackElo "1799"]

1. e4 d5 2. e5 Nc6 3. d4 Bf5 4. Bb5 Qd7 5. h3 a6 6. Ba4 e6 7. a3 f6 8. Qh5+ Bg6
9. Qd1 O-O-O 10. exf6 Nxf6 11. Bg5 Be7 12. Ne2 h6 13. Be3 Ne4 14. Nd2 Rhf8 15.
Nf4 Bh7 16. h4 Bd6 17. g3 b5 18. Bb3 g5 19. Nd3 a5 20. a4 1-0

[Event "Brasil"]
[Site "http://www.queenalice.com/game.php?id=382489"]
[Date "2008.4.5"]
[Round "-"]
[White "vsg"]
[Black "razoman"]
[Result "0-1"]
[WhiteElo "1787"]
[BlackElo "1953"]

1. e4 c5 2. b3 d6 3. Bb2 e5 4. h3 Nf6 5. d3 Nc6 6. Nf3 h6 7. Nh2 Be7 8. Bc3 O-O
9. g4 Nh7 10. Nf3 Ng5 11. Nbd2 Nd4 12. Nxg5 Bxg5 13. Nf3 Nxf3+ 14. Qxf3 Bf4 15.
h4 Bd7 16. Qh3 b5 17. Bd2 Bxd2+ 18. Kxd2 Qa5+ 19. Kd1 Qc3 20. Rb1 h5 21. Be2 Be6
22. f3 a5 23. Qf1 b4 24. gxh5 a4 25. Qe1 Qd4 26. Rg1 Qe3 27. Rg5 f6 28. Rg6 axb3
29. axb3 Bf7 30. Qg3 Bxg6 31. hxg6 Ra2 32. Rc1 Rfa8 33. Qe1 Ra1 34. Qd2 Qg1+ 35.
Qe1 Rxc1+ 0-1

[Event "Challenge"]
[Site "http://www.queenalice.com/game.php?id=388901"]
[Date "2008.4.16"]
[Round "-"]
[White "vsg"]
[Black "Markus1234567"]
[Result "0-1"]
[WhiteElo "1778"]
[BlackElo "1953"]

1. d4 d5 2. Nc3 e6 3. a3 Bd6 4. Nf3 f5 5. Bg5 Nf6 6. h3 O-O 7. g3 c5 8. Be3 Qb6
9. b3 Nc6 10. dxc5 Bxc5 11. Na4 Qa5+ 12. Bd2 Bxf2+ 13. Kxf2 Ne4+ 14. Ke1 Qc7 15.
Bf4 e5 16. Bd2 Nxg3 17. Rg1 e4 18. Nh4 f4 19. e3 f3 20. Kf2 Nxf1 21. Rh1 Qg3+
22. Kxf1 Bxh3+ 23. Rxh3 Qxh3+ 24. Kg1 f2# 0-1

[Event "hermanos"]
[Site "http://www.queenalice.com/game.php?id=388908"]
[Date "2008.4.16"]
[Round "-"]
[White "vsg"]
[Black "EL_CHICO"]
[Result "0-1"]
[WhiteElo "1805"]
[BlackElo "1971"]

1. d4 c6 2. e4 d5 3. e5 Bf5 4. Bd3 Bxd3 5. Qxd3 e6 6. Nf3 c5 7. b3 Nc6 8. dxc5
Bxc5 9. O-O Qc7 10. Bb2 Nh6 11. Re1 O-O-O 12. a3 Ng4 13. Re2 d4 14. Qe4 Nh6 15.
Bc1 Nf5 16. Bg5 Be7 17. Bxe7 Qxe7 18. b4 Rd5 19. c4 dxc3 20. Nxc3 Rd7 21. Ree1
h5 22. Rec1 Kb8 23. Qe1 h4 24. h3 f6 25. exf6 gxf6 26. Qf1 Rg8 27. Qc4 Rc8 28.
Qf4+ Ka8 29. Na4 Rdc7 30. Nb2 Qh7 31. Qe4 e5 32. Nh2 Nfd4 33. Qxh7 Rxh7 34. Rd1
f5 35. Nd3 e4 36. Nc5 b6 37. Na4 Ne2+ 38. Kf1 Ng3+ 39. Ke1 Nh5 40. Rdc1 Kb7 41.
Nf1 Nf4 42. Ne3 Nd3+ 43. Kf1 Nxc1 44. Rxc1 Rh5 45. f4 Ne7 46. Nc4 Rh6 47. Nab2
Nd5 48. Rd1 Nxf4 49. Rd2 Nd3 50. Ne3 f4 51. Ned1 Nxb2 52. Nxb2 Rc1+ 53. Nd1 e3
54. Rd7+ Kc8 55. Rd3 Re6 56. Ke2 Rc2+ 57. Kf3 e2 58. Nf2 e1=Q 59. Nd1 Qg3# 0-1

[Event "brasucas"]
[Site "http://www.queenalice.com/game.php?id=389729"]
[Date "2008.4.18"]
[Round "-"]
[White "vsg"]
[Black "luizmortagua"]
[Result "0-1"]
[WhiteElo "1793"]
[BlackElo "1965"]

1. d4 d5 2. Nc3 Bf5 3. e3 g6 4. Bd3 Bxd3 5. Qxd3 Bg7 6. Qb5+ Nd7 7. Qxb7 e6 8.
Qb5 Qg5 9. g3 Nf6 10. e4 Qg4 11. f3 Qh5 12. Qc6 Rc8 13. e5 Ng8 14. Qb7 Ne7 15.
Qxa7 Nf5 16. Nce2 Bh6 17. Bxh6 Qxh6 18. Qa6 O-O 19. Qd3 c5 20. c3 cxd4 21. cxd4
Rc7 22. f4 Rfc8 23. Nc3 f6 24. Nge2 fxe5 25. fxe5 Nb6 26. b3 Qh3 27. Kd2 Qh6+
28. Kc2 Ne3+ 29. Kb2 Nbc4+ 30. Kb1 Na3+ 31. Kb2 Nec4+ 32. bxc4 Rb7+ 33. Kxa3
Ra8+ 34. Na4 Qf8+ 35. c5 Rxa4+ 36. Kxa4 Qa8+ 0-1

[Event "hermanos"]
[Site "http://www.queenalice.com/game.php?id=390195"]
[Date "2008.4.19"]
[Round "-"]
[White "vsg"]
[Black "HILITO"]
[Result "0-1"]
[WhiteElo "1768"]
[BlackElo "2053"]

1. d4 Nf6 2. Nf3 b6 3. e3 Bb7 4. Bd3 g6 5. Qe2 Bg7 6. Bd2 d6 7. Bb5+ Nbd7 8. c3
O-O 9. Ba6 Bxa6 10. Qxa6 c5 11. h4 h5 12. Qd3 d5 13. Na3 c4 14. Qe2 a6 15. Ng5
e5 16. f3 exd4 17. cxd4 Re8 18. Nc2 a5 19. Bc3 b5 20. a4 b4 21. Bd2 Nh7 22. Nxh7
Kxh7 23. g4 b3 24. Na3 Bxd4 25. O-O-O Qe7 26. Rde1 c3 27. exd4 cxb2+ 28. Kxb2
Qxe2 29. Rxe2 Rxe2 30. Nb1 Rf2 31. gxh5 Rxf3 32. hxg6+ fxg6 33. Rh2 Nb6 34. Nc3
Nc4+ 35. Kxb3 Rb8+ 36. Kc2 Rb2+ 37. Kd1 Rf1+ 38. Ke2 Rxd2+ 39. Kxf1 Rxh2 40.
Nxd5 Rxh4 41. Nf6+ Kh8 42. Ke2 Rxd4 43. Kf3 Ne5+ 44. Ke3 Rxa4 45. Ne4 Rxe4+ 46.
Kxe4 Nf7 47. Kd3 g5 0-1

[Event "são paulo"]
[Site "http://www.queenalice.com/game.php?id=390200"]
[Date "2008.4.19"]
[Round "-"]
[White "vsg"]
[Black "Sherlock6834"]
[Result "0-1"]
[WhiteElo "1810"]
[BlackElo "2010"]

1. d4 Nf6 2. Bg5 d5 3. Bxf6 exf6 4. e3 Be7 5. Bd3 Nc6 6. a3 Be6 7. h3 Qd7 8. Ne2
g5 9. Bb5 a6 10. Ba4 b5 11. Bb3 Bd6 12. Nd2 Na5 13. c3 Nc4 14. Nxc4 bxc4 15. Bc2
Rb8 16. Ra2 Bf5 17. Qb1 Bg6 18. Qd1 O-O 19. Ba4 c6 20. b4 Rfe8 21. h4 g4 22. g3
Be4 23. Rh2 Bf3 24. Qb1 Qc7 25. Qc1 Bxe2 26. Kxe2 Bxg3 27. fxg3 Qxg3 28. Rf2 Re6
29. Qd2 Rbe8 30. Kd1 Rxe3 31. Kc1 Rd3 32. Qf4 Qg1+ 33. Kb2 Rf3 34. Rxf3 Re2+ 35.
Bc2 gxf3 36. Qxf3 Rf2 37. Qe3 Rxc2+ 38. Kxc2 Qxe3 39. Rb2 Qd3+ 40. Kc1 Qxc3+ 41.
Kb1 Qxd4 0-1

[Event "hermanos"]
[Site "http://www.queenalice.com/game.php?id=390209"]
[Date "2008.4.19"]
[Round "-"]
[White "vsg"]
[Black "REUSKING"]
[Result "1-0"]
[WhiteElo "1784"]
[BlackElo "2039"]

1. d4 d5 2. h3 Nf6 3. Nf3 Bf5 4. e3 e6 5. a3 h6 6. Bd3 Bxd3 7. Qxd3 c6 8. Nbd2
Bd6 9. Nb3 O-O 10. Bd2 Nbd7 11. Ba5 b6 12. Bc3 c5 13. Qe2 Ne4 14. Bd2 Ndf6 15.
dxc5 Nxc5 16. Nxc5 Bxc5 17. b4 Bd6 18. Bc3 Ne4 19. Bb2 Rc8 20. Rc1 Nc3 21. Qd3
Ne4 22. Qd4 Qf6 23. Qxf6 Nxf6 24. Bxf6 gxf6 25. Nd4 Kg7 26. c3 a6 27. Kd2 Rc7
28. Ra1 Rfc8 29. Rhc1 Kg6 30. g3 b5 31. Ne2 e5 32. Ke1 f5 33. Kd2 f6 34. f4 exf4
35. gxf4 Kh7 36. Rg1 Rg7 37. Rxg7+ Kxg7 38. Rg1+ Kf7 39. Nd4 Bf8 40. Nxf5 Ke6
41. Nd4+ Kf7 42. Kd3 Bg7 43. Nf5 Rg8 44. Rg3 Bf8 45. Kd4 Rxg3 46. Nxg3 Ke6 47.
f5+ Kd6 48. e4 dxe4 49. Nxe4+ Ke7 50. Nc5 h5 51. Nxa6 Bh6 52. Nc7 Bc1 53. Nxb5
Kd7 54. Kd5 Bb2 55. a4 1-0

[Event "são paulo"]
[Site "http://www.queenalice.com/game.php?id=403933"]
[Date "2008.5.16"]
[Round "-"]
[White "vsg"]
[Black "Lightningzap007"]
[Result "1-0"]
[WhiteElo "1802"]
[BlackElo "1766"]

1. d4 Nf6 2. d5 g6 3. b3 Bg7 4. Bb2 O-O 5. e3 d6 6. h3 Nbd7 7. Be2 a5 8. a4 c6
9. dxc6 bxc6 10. h4 Ba6 11. Bf3 Qc7 12. h5 d5 13. h6 Bh8 14. Nh3 e5 15. Nd2 e4
16. Be2 Ne5 17. Bxa6 Rxa6 18. Qe2 Rb6 19. Bd4 1-0

[Event "hermanos"]
[Site "http://www.queenalice.com/game.php?id=404006"]
[Date "2008.5.16"]
[Round "-"]
[White "vsg"]
[Black "RIVAS"]
[Result "1-0"]
[WhiteElo "1796"]
[BlackElo "2045"]

1. d4 Nf6 2. d5 d6 3. Nc3 e5 4. e4 Be7 5. Be2 O-O 6. b3 c6 7. Bb2 cxd5 8. exd5
Bf5 9. g4 Bc8 10. g5 Nfd7 11. h4 Nb6 12. Qd2 N8d7 13. Bf3 f6 14. gxf6 Nxf6 15.
h5 Ng4 16. Qe2 Nh6 17. O-O-O Bg5+ 18. Kb1 Bf5 19. Nh3 Bf6 20. Rdg1 Rc8 21. Be4
Qd7 22. Qe3 Bxe4 23. Qxe4 Qf5 24. Qxf5 Nxf5 25. Rd1 Nd4 26. Rd2 Rc5 27. b4 Rc4
28. a3 Nf3 29. Re2 Nd4 30. Rd2 Nc8 31. Ne4 Nf3 32. Rd3 Bh4 33. Nd2 Nxd2+ 34.
Rxd2 Nb6 35. Rg1 Na4 36. Ng5 Rxf2 37. Rxf2 Bxf2 38. Rf1 Bh4 39. Ne6 Be7 40. Bc1
h6 41. Rf2 Nc3+ 42. Kb2 Nxd5 43. Rg2 Bg5 44. Bxg5 hxg5 45. Rxg5 Nf4 46. Nxg7 Kh8
47. Ne8 Rd4 48. Nf6 1-0

[Event "são paulo"]
[Site "http://www.queenalice.com/game.php?id=404015"]
[Date "2008.5.16"]
[Round "-"]
[White "vsg"]
[Black "technicaldraw"]
[Result "1-0"]
[WhiteElo "1708"]
[BlackElo "1802"]

1. d4 e6 2. e4 d5 3. e5 c5 4. b3 cxd4 5. Qxd4 Nc6 6. Qf4 Nb4 7. Qd2 Qc7 8. c3
Qxe5+ 9. Be2 Nc6 10. Nf3 Qc7 11. Bb2 Nf6 12. O-O 1-0

[Event "são paulo"]
[Site "http://www.queenalice.com/game.php?id=404024"]
[Date "2008.5.16"]
[Round "-"]
[White "vsg"]
[Black "Philidor"]
[Result "0-1"]
[WhiteElo "1773"]
[BlackElo "2059"]

1. d4 e5 2. dxe5 f6 3. exf6 Nxf6 4. e3 d5 5. h3 Bd6 6. Be2 O-O 7. g4 Be6 8. c3
Nbd7 9. Nd2 Ne4 10. Nxe4 dxe4 11. h4 Ne5 12. g5 Qe8 13. Kf1 Qf7 14. Qe1 Ng4 15.
Kg2 Qxf2+ 16. Qxf2 Rxf2+ 17. Kh3 Nxe3+ 18. Bg4 Bxg4# 0-1

[Event "brazil"]
[Site "http://www.queenalice.com/game.php?id=404339"]
[Date "2008.5.17"]
[Round "-"]
[White "vsg"]
[Black "stoyan1"]
[Result "1-0"]
[WhiteElo "1763"]
[BlackElo "1863"]

1. d4 e6 2. e4 c5 3. e5 Nc6 4. c3 cxd4 5. cxd4 Qh4 6. Nf3 Qh5 7. a3 f6 8. exf6
Nxf6 9. b4 a6 10. Be2 Qg6 11. Kf1 b5 12. Bb2 d5 13. Bd3 Qh5 14. Nbd2 h6 15. Nb3
Bd7 16. Qc2 Ne4 17. Bxe4 dxe4 18. Qxe4 Qd5 19. Qg6+ Kd8 20. Nc5 Qf5 21. Nb7+ Kc7
22. Qxf5 exf5 23. Nc5 Bxc5 24. dxc5 Rhg8 25. Be5+ Nxe5 26. Nxe5 Rge8 27. Nf3 Re7
28. g3 Bc6 29. Kg2 g5 30. Rhd1 g4 31. Rd6 Bxf3+ 32. Kf1 h5 33. Rh6 Rd8 34. Rxa6
Rd1+ 35. Rxd1 Bxd1 36. Ra7+ Kd8 37. Ra8+ Kc7 38. Ra7+ Kd8 39. Ra8+ Kd7 40. Ra7+
Ke8 41. Ra8+ Kf7 42. Rh8 Bf3 43. Rxh5 Kg6 44. Rh8 Ra7 45. Rg8+ Kf7 46. Rb8 Rxa3
47. Ke1 Bc6 48. Rb6 Ra1+ 49. Kd2 Rh1 50. Rxc6 Rxh2 51. Ke3 Ke7 52. Rb6 Rh5 53.
Rxb5 Kd7 54. Rb6 Kc7 55. Rf6 Kb7 56. Rd6 Rh7 57. Re6 Rf7 58. Kf4 1-0